<?xml version="1.0" encoding="UTF-8"?>
<record
    xmlns:xsi="http://www.w3.org/2001/XMLSchema-instance"
    xsi:schemaLocation="http://www.loc.gov/MARC21/slim http://www.loc.gov/standards/marcxml/schema/MARC21slim.xsd"
    xmlns="http://www.loc.gov/MARC21/slim">

  <leader>01623nam a22003137a 4500</leader>
  <datafield tag="999" ind1=" " ind2=" ">
    <subfield code="c">23503</subfield>
    <subfield code="d">23503</subfield>
  </datafield>
  <controlfield tag="003">AR-CdUCM</controlfield>
  <controlfield tag="008">260127b2025    pe ||||| |||| 00| 0 spa d</controlfield>
  <datafield tag="020" ind1=" " ind2=" ">
    <subfield code="a">978-612-46911-4-0</subfield>
  </datafield>
  <datafield tag="040" ind1=" " ind2=" ">
    <subfield code="a">MUNICIPALIDAD PROVINCIAL DEL CUSCO</subfield>
    <subfield code="c">BIBLIOTECA MUNICIPAL DEL CUSCO</subfield>
  </datafield>
  <datafield tag="082" ind1=" " ind2=" ">
    <subfield code="a">370.1965 /</subfield>
    <subfield code="b">P77</subfield>
  </datafield>
  <datafield tag="110" ind1="u" ind2=" ">
    <subfield code="a">Fundaci&#xF3;n Universitaria para la Investigaci&#xF3;n, Desarrollo, Ciencia y Cultura San Antonio Abad del Cusco (FUNSAAC) / Convenio ARES-UNSAAC</subfield>
    <subfield code="9">52266</subfield>
  </datafield>
  <datafield tag="245" ind1=" " ind2=" ">
    <subfield code="a">La Cooperaci&#xF3;n Belga en la Unsaac :</subfield>
    <subfield code="b">Convenio ARES-UNSAAC 2014 - 2022 /</subfield>
  </datafield>
  <datafield tag="260" ind1=" " ind2=" ">
    <subfield code="a">Cusco :</subfield>
    <subfield code="b">Luz Marina Ponce Aranibar,</subfield>
    <subfield code="c">2025.</subfield>
  </datafield>
  <datafield tag="300" ind1=" " ind2=" ">
    <subfield code="a">56 p&#xE1;ginas. :</subfield>
    <subfield code="c">15 x 20 cm.</subfield>
  </datafield>
  <datafield tag="505" ind1=" " ind2=" ">
    <subfield code="a">Contenido : Los antecedentes: del CIUF a  ARES -- El programa de Apoyo Institucional UNSAAC -- La primera etapa: 2014-2016 -- La segunda 2017-2019 -- La tercera 2020-2022 -- La estrategia de trabajo -- El apoyo a la Responsabilidad Social Universitaria -- El Centro de Desarrollo Docente - CEDOC -- Ocongate: una experiencia piloto de investigaci&#xF3;n interdiciplinaria -- El enfoque de g&#xE9;nero en la intervenci&#xF3;n -- Acerca de la sostenibilidad de los resultados....</subfield>
  </datafield>
  <datafield tag="650" ind1=" " ind2=" ">
    <subfield code="a">Objetivos estrat&#xE9;gicos</subfield>
    <subfield code="9">52267</subfield>
  </datafield>
  <datafield tag="650" ind1=" " ind2=" ">
    <subfield code="a">Resultados esperados</subfield>
    <subfield code="9">52268</subfield>
  </datafield>
  <datafield tag="650" ind1=" " ind2=" ">
    <subfield code="a">Actividades realizadas</subfield>
    <subfield code="9">52269</subfield>
  </datafield>
  <datafield tag="650" ind1=" " ind2=" ">
    <subfield code="a">Desarrollo humano</subfield>
    <subfield code="9">3459</subfield>
  </datafield>
  <datafield tag="650" ind1=" " ind2=" ">
    <subfield code="a">Biodiversidad</subfield>
    <subfield code="9">19327</subfield>
  </datafield>
  <datafield tag="650" ind1=" " ind2=" ">
    <subfield code="a">Competitividad</subfield>
    <subfield code="9">52270</subfield>
  </datafield>
  <datafield tag="650" ind1=" " ind2=" ">
    <subfield code="a">Principales actividades</subfield>
    <subfield code="9">52271</subfield>
  </datafield>
  <datafield tag="650" ind1=" " ind2=" ">
    <subfield code="a">Lecciones aprendidas</subfield>
    <subfield code="9">35797</subfield>
  </datafield>
  <datafield tag="650" ind1=" " ind2=" ">
    <subfield code="a">La articulaci&#xF3;n</subfield>
    <subfield code="9">52272</subfield>
  </datafield>
  <datafield tag="650" ind1=" " ind2=" ">
    <subfield code="a">Estrategia de trabajo</subfield>
    <subfield code="9">52273</subfield>
  </datafield>
  <datafield tag="942" ind1=" " ind2=" ">
    <subfield code="2">ddc</subfield>
    <subfield code="c">LIBROS</subfield>
  </datafield>
  <datafield tag="945" ind1=" " ind2=" ">
    <subfield code="a">jmcs</subfield>
    <subfield code="d">27/01/2026</subfield>
  </datafield>
  <datafield tag="952" ind1=" " ind2=" ">
    <subfield code="0">0</subfield>
    <subfield code="2">ddc</subfield>
    <subfield code="4">0</subfield>
    <subfield code="7">0</subfield>
    <subfield code="a">CPL</subfield>
    <subfield code="b">CPL</subfield>
    <subfield code="c">CART</subfield>
    <subfield code="d">2026-01-27</subfield>
    <subfield code="o">370.1965 / F96</subfield>
    <subfield code="p">SH0000017054</subfield>
    <subfield code="r">2026-01-27</subfield>
    <subfield code="y">LIBROS</subfield>
  </datafield>
</record>
